| 000 | 00719nam a2200229 4500 | ||
|---|---|---|---|
| 001 | 126320 | ||
| 003 | ES-MaACL | ||
| 005 | 20250913154001.0 | ||
| 007 | t| | ||
| 008 | 070214s1983 sp r ||||1| spa d | ||
| 100 | 1 |
_aRémy, Yves. _996164 |
|
| 245 | 1 | 0 |
_aMozart / _cYves Rémy y Ada Rémy ; traducción del francés por Felipe Ximénez de Sandoval. |
| 250 | _a4ª ed. | ||
| 260 |
_aMadrid : _bEspasa-Calpe, _c1983. |
||
| 300 |
_a131 p. : _bil. ; _c18 cm. |
||
| 490 | 1 | _aClásicos de la música | |
| 700 | 1 |
_aRémy, Ada. _996158 |
|
| 700 | 1 |
_aXiménez de Sandoval, Felipe, _d1903-1978 _9117510 |
|
| 830 | 0 |
_aClásicos de la música _9181484 |
|
| 852 |
_aES-MaACL _jL-4040 _bR.104959 |
||
| 999 |
_c126320 _d126320 |
||